MINING GEOLOGY -II (Record no. 8170)

MARC details
000 -LEADER
fixed length control field 00369nam a22001577a 4500
005 - DATE AND TIME OF LATEST TRANSACTION
control field 20230111100913.0
008 - FIXED-LENGTH DATA ELEMENTS--GENERAL INFORMATION
fixed length control field 221220b |||||||| |||| 00| 0 eng d
041 ## - LANGUAGE CODE
Language code of text/sound track or separate title eng
082 ## - DEWEY DECIMAL CLASSIFICATION NUMBER
Classification number 624.1 RAM-M
100 ## - MAIN ENTRY--AUTHOR NAME
Personal name RAHAMAN ,S K
245 ## - TITLE STATEMENT
Title MINING GEOLOGY -II
260 ## - PUBLICATION, DISTRIBUTION, ETC. (IMPRINT)
Place of publication HYDERABAD
Name of publisher PLANET BOOK HOUSE
300 ## - PHYSICAL DESCRIPTION
Number of Pages 5.24;P.
650 ## - SUBJECT ADDED ENTRY--TOPICAL TERM
Topical Term MINING
942 ## - ADDED ENTRY ELEMENTS (KOHA)
Koha item type Books
Holdings
Lost status Damaged status Collection code Home library Current library Date acquired Source of acquisition Cost, normal purchase price Full call number Accession Number Koha item type Shelving location
    Reference JRU Library   09/01/2023 LOHIA BOOK INTERNATIONAL 90.00 624.1-RAM-M 27228 Books  
    MINING JRU Library JRU Library 09/11/2022 LOHIA BOOK INTERNATIONAL 90.00 624.1-RAM-M 27229 Books SHELF-88-C
    MINING JRU Library JRU Library 09/11/2022 LOHIA BOOK INTERNATIONAL 90.00 624.1-RAM-M 27230 Books SHELF-88-C
    MINING JRU Library JRU Library 09/11/2022 LOHIA BOOK INTERNATIONAL 90.00 624.1-RAM-M 27231 Books SHELF-88-C
    MINING JRU Library JRU Library 09/11/2022 LOHIA BOOK INTERNATIONAL 90.00 624.1-RAM-M 27232 Books SHELF-88-C